International Bar Association South Pacific Bar Leaders Conference / (Record no. 3268)

MARC details
000 -LEADER
fixed length control field 00441nam a22001577a 4500
005 - DATE AND TIME OF INPUT
control field 20241203134245.0
008 - DATA ELEMENTS--GENERAL INFORMATION
fixed length control field 241203b |||||||| |||| 00| 0 eng d
041 ## - LANGUAGE CODE
Language code of text English
082 ## - SHELF NUMBER
DDC number 340.1 INT
100 ## - MAIN AUTHOR
Language of a work English
245 ## - TITLE STATEMENT
Title International Bar Association South Pacific Bar Leaders Conference /
260 ## - PUBLICATION, DISTRIBUTION, ETC.
Date of publication, distribution, etc. 2000
300 ## - PHYSICAL DESCRIPTION
Other physical details 16 pages;
Dimensions 26 cm.
650 ## - SUBJECT`
Broad subject Legal practice
Own subject terms Law
942 ## - ADDED ENTRY ELEMENTS (KOHA)
Item type Books
942 ## - ADDED ENTRY ELEMENTS (KOHA)
-- ALISON_BN_VRIES
Holdings
Source of classification or shelving scheme Not for loan Collection code Home library Current library Shelving location Date acquired Full call number Barcode Price effective from Koha item type
Dewey Decimal Classification   TEXT BOOKS LAW SOCIETY OF NAMIBIA LIBRARY - WINDHOEK LAW SOCIETY OF NAMIBIA LIBRARY - WINDHOEK International law and private international law 12/03/2024 340.1 INT LSN/2001/19 12/03/2024 Books